| 000 | 00612cam a2200205 a 4500 | ||
|---|---|---|---|
| 001 | 3998830 | ||
| 005 | 20170103103408.0 | ||
| 008 | 960729t19971996nyu b 001 0 eng | ||
| 020 | _a0679432302 (alk. paper) | ||
| 040 | _cPK-LaUMT | ||
| 082 | 0 | 0 |
_a306.890973 _220 _bWHI-D |
| 100 | 1 | _aWhitehead, Barbara Dafoe | |
| 245 | 1 | 4 |
_aThe divorce culture / _cBarbara Dafoe Whitehead |
| 260 |
_aNew York : _bAlfred A. Knopf : _c1996 |
||
| 300 |
_ax, 224 p. ; _c25 cm. |
||
| 650 | 0 |
_aDivorce _zUnited States. |
|
| 650 | 0 |
_aFamilies _zUnited States. |
|
| 650 | 0 |
_aChildren _zUnited States _xSocial conditions. |
|
| 942 | _cBK | ||
| 999 |
_c89702 _d89702 |
||